Baitul Maqdis (Al-Quds) : (Record no. 57572)

MARC details
000 -LEADER
fixed length control field 00743nam a2200241 i 4500
001 - CONTROL NUMBER
control field C2-0242866
003 - CONTROL NUMBER IDENTIFIER
control field PPAK
005 - DATE AND TIME OF LATEST TRANSACTION
control field 20180727204746.0
008 - FIXED-LENGTH DATA ELEMENTS--GENERAL INFORMATION
fixed length control field 021006s2001 my |||| ||||| | may d
020 ## - INTERNATIONAL STANDARD BOOK NUMBER
International Standard Book Number 9830993574
040 ## - CATALOGING SOURCE
Original cataloging agency PPAK
Language of cataloging eng
Transcribing agency PPAK
Description conventions rda
082 04 - DEWEY DECIMAL CLASSIFICATION NUMBER
Classification number 956.94
Edition number 23
090 00 - LOCALLY ASSIGNED LC-TYPE CALL NUMBER (OCLC); LOCAL CALL NUMBER (RLIN)
Classification number (OCLC) (R) ; Classification number, CALL (RLIN) (NR) 956.94
Feature heading AZZ
Feature heading G
100 1# - MAIN ENTRY--PERSONAL NAME
Personal name Az-Zuhaili, Wahbah,
Titles and words associated with a name Dr.
Relator term author
245 10 - TITLE STATEMENT
Title Baitul Maqdis (Al-Quds) :
Remainder of title antara kelebihan & kezaliman Zionis
264 #1 - PRODUCTION, PUBLICATION, DISTRIBUTION, MANUFACTURE, AND COPYRIGHT NOTICE
Place of production, publication, distribution, manufacture Kuala Lumpur :
Name of producer, publisher, distributor, manufacturer Al-Hidayah Publishers ,
Date of production, publication, distribution, manufacture, or copyright notice 2001
300 ## - PHYSICAL DESCRIPTION
Extent xi, 231 pages ;
Dimensions 21 cm
336 ## - CONTENT TYPE
Source rdacontent
Content type term text
337 ## - MEDIA TYPE
Source rdamedia
Media type term unmediated
338 ## - CARRIER TYPE
Source rdacarrier
Carrier type term volume
650 10 - SUBJECT ADDED ENTRY--TOPICAL TERM
Topical term or geographic name entry element Israel - Arab conflicts ; Zionism - History ; Jerusalem - History
942 ## - ADDED ENTRY ELEMENTS (KOHA)
-- dc
Koha item type Book
Holdings
Withdrawn Not for loan Current library Shelving location Date acquired Full call number Barcode Date last seen Koha item type
    Perpustakaan Kulim Pinjaman Dewasa 09/02/2003 956.94 AZZ A01021729 08/05/2018 Book
    Perpustakaan Kulim Pinjaman Dewasa 09/02/2003 956.94 AZZ A01021730 08/05/2018 Book
    Perpustakaan Kulim Pinjaman Dewasa 09/02/2003 956.94 AZZ A01021731 08/05/2018 Book
    Perpustakaan Merbok Pinjaman Dewasa 27/01/2008 956.94 AZZ A01221412 08/05/2018 Book
    Perpustakaan Merbok Pinjaman Dewasa 27/01/2008 956.94 AZZ A01221413 08/05/2018 Book